[Event "Tourn. n7849"]
[Site "www.chess-mail.com"]
[Date "2015.01.03"]
[Round "1"]
[White "Gmi42"]
[Black "Norlavuaram"]
[WhiteElo "2189"]
[BlackElo "2120"]
[Result "0-1"]
[Round "1"]
1.e4 e6
2.d4 d5
3.Nb1d2 Ng8f6
4.e5 Nf6d7
5.c3 c5
6.Ng1f3 Nb8c6
7.Bf1d3 Qd8b6
8.O-O cxd4
9.cxd4 Nc6xd4
10.Nf3xd4 Qb6xd4
11.Nd2f3 Qd4b6
12.Ra1b1 Bf8e7
13.Bc1e3 Qb6d8
14.Qd1a4 { time. }
0-1

[Event "Tourn. n7925"]
[Site "www.chess-mail.com"]
[Date "2015.01.03"]
[Round "1"]
[White "Szustan"]
[Black "Fanny33"]
[WhiteElo "2600"]
[BlackElo "2680"]
[Result "1/2-1/2"]
[Round "1"]
1.e4 c5
2.c3 Ng8f6
3.e5 Nf6d5
4.d4 cxd4
5.Ng1f3 Nb8c6
6.cxd4 d6
7.Bf1e2 g6
8.O-O Bf8g7
9.Qd1b3 dxe5
10.dxe5 Nd5b6
11.Nb1c3 O-O
12.Bc1f4 Bc8e6
13.Qb3a3 Nb6c4
14.Be2xc4 Be6xc4
15.Rf1e1 Qd8b6
16.b3 Bc4e6
17.Ra1d1 Rf8d8
18.h3 h6
19.Bf4e3 Qb6b4
20.Rd1xd8 Ra8xd8
21.Qa3xb4 Nc6xb4
22.Nf3d4 Bg7xe5
23.Nd4xe6 fxe6
24.Nc3e4 Nb4c2
25.Re1c1 Nc2xe3
26.fxe3 Kf7
27.Kf2 Ke8
28.Kf3 Be5d6
29.Ne4f2 Kd7
30.Nf2d3 Rd8f8
31.Ke4 Rf8f5
32.g4 Rf5d5
33.Rc1d1 { draw }
1/2-1/2

[Event "Tourn. n7935"]
[Site "www.chess-mail.com"]
[Date "2015.01.03"]
[Round "1"]
[White "Luban"]
[Black "Apdash"]
[WhiteElo "2190"]
[BlackElo "2170"]
[Result "0-1"]
[Round "1"]
1.d4 d5
2.Ng1f3 Ng8f6
3.e3 c5
4.c4 cxd4
5.Nf3xd4 e5
6.Nd4f3 Nb8c6
7.cxd5 Qd8xd5
8.Qd1xd5 Nf6xd5
9.a3 Bf8d6
10.Bc1d2 Bc8g4
11.Bf1e2 e4
12.Nf3g5 Bg4xe2
13.Kxe2 f5
14.Nb1c3 Nd5xc3
15.Bd2xc3 Bd6e5
16.Bc3xe5 Nc6xe5
17.Ng5e6 Kf7
18.Ne6d4 g6
19.Ra1c1 Ra8c8
20.f3 Ne5d3
21.Rc1xc8 Rh8xc8
22.fxe4 fxe4
23.Rh1f1 Ke7
24.g4 a6
25.b4 Rc8c7
26.Rf1b1 Rc7c3
27.a4 Kf6
28.h4 h6
29.Kf1 Rc3a3
30.a5 Nd3e5
31.g5 hxg5
32.hxg5 Kxg5
33.Nd4e6 Kg4
34.Ne6d8 Ra3xe3
35.Nd8xb7 Re3h3
36.Rb1b2 g5
37.Nb7c5 Ne5d3
38.Nc5xd3 exd3
39.Ke1 Kf3
40.Rb2f2 Ke3
41.Rf2f1 Rh3h4
{ resign }
0-1

[Event "Tourn. n7906"]
[Site "www.chess-mail.com"]
[Date "2015.01.03"]
[Round "1"]
[White "Luban"]
[Black "Apoorva"]
[WhiteElo "2180"]
[BlackElo "2130"]
[Result "1/2-1/2"]
[Round "1"]
1.d4 d5
2.Ng1f3 Ng8f6
3.e3 Nb8d7
4.c4 e6
5.a3 a5
6.Nb1c3 c6
7.Bf1d3 dxc4
8.Bd3xc4 b5
9.Bc4d3 Bc8b7
10.Nc3e4 Nf6xe4
11.Bd3xe4 Nd7f6
12.Qd1c2 Nf6xe4
13.Qc2xe4 Qd8b6
14.Qe4d3 Ra8d8
15.Qd3e2 c5
16.dxc5 Bf8xc5
17.O-O Bb7d5
18.Nf3e5 O-O
19.e4 Bd5b3
20.Bc1e3 f6
21.Be3xc5 Qb6xc5
22.Ne5f3 Bb3c4
23.Rf1c1 Qc5h5
24.Qe2e3 Rd8d3
25.Qe3b6 a4
26.Nf3d4 Qh5e5
27.Rc1d1 Qe5xe4
28.Rd1xd3 Qe4xd3
29.Nd4xe6 Bc4xe6
30.Qb6xe6 Kh8
31.Ra1e1 h6
32.h3 Rf8d8
33.Qe6f7 Qd3d2
34.Re1e8 Rd8xe8
35.Qf7xe8 Kh7
36.Qe8xb5 Qd2e1
37.Kh2 Qe1xf2
38.Qb5xa4 Qf2xb2
39.Qa4e4 Kg8
40.a4 Qb2b8
41.g3 Qb8b2
42.Qe4g2 Qb2b4
43.Qg2a2 Kh8
44.a5 Qb4b7
45.Qa2e2 Qb7a7
46.a6 Qa7b6
47.h4 f5
48.Kh3 Kh7
49.h5 Qb6a7
50.Qe2e6 f4
51.gxf4 Qa7f2
52.Qe6e4 Kh8
53.Qe4a8 Kh7
54.Qa8e4 Kh8
{ draw }
1/2-1/2

[Event "Tourn. n7975"]
[Site "www.chess-mail.com"]
[Date "2015.01.03"]
[Round "1"]
[White "Osopanda"]
[Black "Mitja"]
[WhiteElo "1980"]
[BlackElo "1910"]
[Result "1-0"]
[Round "1"]
1.c4 d5
2.cxd5 Qd8xd5
3.Nb1c3 Qd5d8
4.g3 e6
5.Bf1g2 c6
6.d4 h6
7.e4 Ng8f6
8.Ng1e2 Bf8b4
9.O-O { resign }
1-0

[Event "Tourn. n7808"]
[Site "www.chess-mail.com"]
[Date "2015.01.03"]
[Round "1"]
[White "Chtoubidou"]
[Black "Naujzaid"]
[WhiteElo "1830"]
[BlackElo "1900"]
[Result "0-1"]
[Round "1"]
1.e4 c5
2.Nb1c3 Nb8c6
3.g3 d6
4.Bf1g2 Ng8f6
5.d3 e6
6.Bc1e3 Bf8e7
7.Ng1e2 O-O
8.O-O a6
9.f4 Qd8c7
10.Qd1d2 Ra8b8
11.a3 b5
12.d4 cxd4
13.Ne2xd4 Nc6xd4
14.Be3xd4 Bc8b7
15.Ra1e1 Rf8d8
16.Qd2e3 Nf6d7
17.Re1d1 Rb8c8
18.Nc3e2 Be7f6
19.Bd4xf6 Nd7xf6
20.c3 Nf6g4
21.Qe3c1 Qc7b6
22.Kh1 Ng4f2
23.Rf1xf2 Qb6xf2
24.Qc1d2 d5
25.Rd1f1 Qf2b6
26.exd5 Bb7xd5
{ resign }
0-1

[Event "Tourn. n7961"]
[Site "www.chess-mail.com"]
[Date "2015.01.03"]
[Round "1"]
[White "Julian"]
[Black "Mitja"]
[WhiteElo "1940"]
[BlackElo "1930"]
[Result "1-0"]
[Round "1"]
1.e4 d5
2.e5 c6
3.d4 h6
4.Ng1f3 e6
5.c4 dxc4
6.Bf1xc4 Nb8d7
7.Nb1c3 Nd7b6
8.Bc4b3 Ng8e7
9.O-O Ne7f5
10.Nc3e2 Nb6d5
11.Ne2c3 Nd5xc3
12.bxc3 { resign }
1-0

[Event "Tourn. n7885"]
[Site "www.chess-mail.com"]
[Date "2015.01.03"]
[Round "1"]
[White "Julian"]
[Black "Apoorva"]
[WhiteElo "2040"]
[BlackElo "2110"]
[Result "0-1"]
[Round "1"]
1.e4 c5
2.Ng1f3 d5
3.e5 Bc8g4
4.Bf1e2 Nb8c6
5.O-O Bg4xf3
6.Be2xf3 Nc6xe5
7.Bf3e2 e6
8.d4 cxd4
9.Rf1e1 Ne5c6
10.c3 dxc3
11.Nb1xc3 Bf8e7
12.Bc1f4 a6
13.Be2f3 Ng8f6
14.g3 O-O
15.h4 Qd8b6
16.Ra1b1 e5
17.Bf4g5 e4
18.Bf3g2 Ra8d8
19.Bg5xf6 Be7xf6
20.Qd1b3 Qb6xb3
21.axb3 Nc6b4
22.Re1d1 Bf6e5
23.Kh2 f5
24.Rb1a1 Rf8f6
25.Ra1a4 Nb4d3
26.f4 Be5xc3
27.bxc3 Nd3b2
28.Rd1d2 Nb2xa4
29.bxa4 Rf6c6
30.Bg2h3 g6
31.h5 Rc6xc3
32.g4 d4
33.hxg6 hxg6
34.gxf5 d3
35.fxg6 e3
36.Bh3e6 Kg7
37.Rd2b2 d2
{ resign }
0-1

[Event "Tourn. n7975"]
[Site "www.chess-mail.com"]
[Date "2015.01.03"]
[Round "1"]
[White "Mitja"]
[Black "Falcoale"]
[WhiteElo "1910"]
[BlackElo "1880"]
[Result "0-1"]
[Round "1"]
1.d4 Ng8f6
2.e3 b6
3.Bf1e2 Bc8b7
4.Be2f3 d5
5.Ng1e2 e6
6.a3 c5
7.dxc5 Bf8xc5
8.Nb1d2 O-O
9.Nd2b3 Bc5e7
10.O-O Bb7a6
11.Rf1e1 Nb8c6
12.Nb3d4 Ra8c8
13.Nd4xc6 Rc8xc6
14.Ne2d4 Rc6c7
15.Bf3e2 Ba6xe2
16.Qd1xe2 Nf6e4
17.c3 Ne4d6
18.a4 Nd6e4
{ resign }
0-1

[Event "Tourn. n7819"]
[Site "www.chess-mail.com"]
[Date "2015.01.03"]
[Round "1"]
[White "Bevittsmith"]
[Black "Sonivano"]
[WhiteElo "2210"]
[BlackElo "2350"]
[Result "0-1"]
[Round "1"]
1.e4 e5
2.Ng1f3 Nb8c6
3.Bf1b5 a6
4.Bb5a4 Ng8f6
5.O-O Nf6xe4
6.d4 b5
7.Ba4b3 d5
8.dxe5 Bc8e6
9.c3 Bf8c5
10.Nb1d2 Ne4xd2
11.Qd1xd2 O-O
12.Nf3d4 Nc6xe5
13.Nd4xe6 fxe6
14.Qd2e2 Qd8f6
15.Bc1e3 Bc5xe3
16.Qe2xe3 Ne5c4
17.Qe3e2 Ra8e8
18.a4 Rf8f7
19.axb5 axb5
20.Ra1a6 Nc4d6
21.Rf1d1 Qf6d8
22.Rd1d4 Qd8c8
23.Ra6a7 Qc8b8
24.Ra7a1 c5
25.Rd4g4 c4
26.Bb3c2 Qb8b6
27.Ra1f1 Rf7f6
28.Kh1 Re8f8
29.f3 Nd6f5
30.Rf1e1 b4
31.Qe2e5 bxc3
32.bxc3 Nf5h6
33.Rg4d4 Nh6f7
34.Re1b1 Qb6xb1
{ resign }
0-1

[Event "Tourn. n7747"]
[Site "www.chess-mail.com"]
[Date "2015.01.03"]
[Round "1"]
[White "Picifarkinca"]
[Black "Georgepapi"]
[WhiteElo "1499"]
[BlackElo "1559"]
[Result "1-0"]
[Round "1"]
1.Ng1f3 d5
2.g3 Ng8f6
3.Bf1g2 Nb8c6
4.d4 Bc8f5
5.O-O e6
6.Nf3h4 Bf5g6
7.Nh4xg6 hxg6
8.Bc1g5 Bf8e7
9.c3 Qd8d7
10.b4 O-O-O
11.a4 Nf6g4
12.Bg5xe7 Nc6xe7
13.h3 Ng4f6
14.Nb1d2 g5
15.a5 a6
16.Qd1b1 g4
17.hxg4 Nf6xg4
18.e4 f5
19.Rf1e1 fxe4
20.Nd2xe4 dxe4
21.Qb1xe4 Ne7c6
22.Qe4xg4 Rd8e8
23.d5 exd5
24.Qg4xd7 Kxd7
25.Bg2xd5 Rh8f8
26.f4 Re8d8
27.Bd5e6 Ke7
28.Be6c8 { resign }
1-0

[Event "Tourn. n7961"]
[Site "www.chess-mail.com"]
[Date "2015.01.03"]
[Round "1"]
[White "Mitja"]
[Black "Falcoale"]
[WhiteElo "1930"]
[BlackElo "1870"]
[Result "0-1"]
[Round "1"]
1.d4 Ng8f6
2.e3 e6
3.Ng1f3 b6
4.g3 Bc8b7
5.Bf1g2 c5
6.dxc5 Bf8xc5
7.c3 O-O
8.b4 Bc5e7
9.a3 Nb8c6
10.Bc1b2 d5
11.Nb1d2 Qd8c7
12.Nf3d4 Rf8e8
13.Nd4xc6 Bb7xc6
14.Nd2f3 Bc6b5
15.Nf3d4 Bb5c4
16.Bg2f3 Re8d8
17.Bf3e2 a6
18.Be2xc4 dxc4
19.Qd1e2 Nf6e4
20.f3 Ne4g5
21.f4 Ng5e4
22.Qe2f3 Ne4d6
23.h4 b5
24.Ke2 Be7f6
25.Ra1g1 a5
{ resign }
0-1

[Event "Tourn. n7881"]
[Site "www.chess-mail.com"]
[Date "2015.01.03"]
[Round "1"]
[White "Julian"]
[Black "Krasin"]
[WhiteElo "2040"]
[BlackElo "2240"]
[Result "0-1"]
[Round "1"]
1.e4 g6
2.d4 Bf8g7
3.f4 d5
4.e5 Ng8h6
5.Ng1f3 O-O
6.Bf1e2 c5
7.c3 Nb8c6
8.O-O cxd4
9.cxd4 f6
10.Nb1c3 fxe5
11.dxe5 d4
12.Nc3e4 Qd8d5
13.Be2d3 Nc6b4
14.Bd3b1 Bc8f5
15.Rf1e1 Ra8d8
16.a3 Nb4c6
17.Ne4g3 Bf5g4
18.Bb1e4 Qd5a5
19.Bc1d2 Qa5b6
20.b4 Kh8
21.h3 Bg4xf3
22.Qd1xf3 Nc6xe5
23.Qf3f1 d3
24.Kh2 Ne5c4
25.Ra1d1 Nc4xd2
26.Rd1xd2 Bg7c3
27.Rd2xd3 Bc3xe1
28.Rd3xd8 Be1xg3
29.Kxg3 Qb6xd8
30.Qf1a1 e5
31.Qa1xe5 Qd8f6
32.Be4xb7 Nh6f5
33.Kh2 Qf6xe5
34.fxe5 Rf8e8
35.Kg1 Re8xe5
36.Kf2 Kg7
37.a4 Kf6
38.b5 Nf5d6
39.Bb7c6 Ke7
40.Kf3 Kd8
41.g4 Kc7
42.Kf4 Re5e1
43.h4 Kb6
44.Kg5 a5
45.Kh6 Re1e7
46.h5 gxh5
47.Kxh5 Nd6c4
{ resign }
0-1

[Event "Tourn. n7933"]
[Site "www.chess-mail.com"]
[Date "2015.01.03"]
[Round "1"]
[White "Apdash"]
[Black "Krasin"]
[WhiteElo "2150"]
[BlackElo "2170"]
[Result "1/2-1/2"]
[Round "1"]
1.d4 Ng8f6
2.c3 g6
3.Qd1c2 Bf8g7
4.e4 d6
5.Bc1g5 O-O
6.h4 c5
7.Ng1f3 cxd4
8.cxd4 Nb8c6
9.Bg5xf6 Bg7xf6
10.Bf1c4 Bc8g4
11.d5 Bg4xf3
12.gxf3 Nc6e5
13.Bc4e2 Ra8c8
14.Nb1c3 e6
15.Qc2b3 Rc8xc3
16.bxc3 exd5
17.Qb3xd5 Ne5xf3
18.Kf1 Bf6xc3
19.Ra1c1 Nf3d2
20.Kg2 Qd8a5
21.Rc1c2 Qa5xd5
22.exd5 Rf8e8
23.Be2b5 Re8c8
24.Rh1c1 Rc8c5
25.Bb5d3 Bc3b4
26.Rc2xc5 Bb4xc5
27.Rc1c2 Bc5b4
28.Rc2c7 Bb4c5
29.Rc7xb7 f5
30.f3 Bc5d4
31.Rb7b4 Bd4e3
32.h5 Be3c5
33.Rb4a4 Kf7
34.Kg3 Kf6
35.hxg6 hxg6
36.Ra4h4 Kg5
37.Rh4h7 Bc5d4
38.Rh7h4 f4
39.Kh3 Nd2xf3
40.Rh4g4 Kh5
41.Bd3xg6 Kh6
42.Bg6e8 Nf3g5
43.Kg2 f3
44.Kf1 Bd4c5
45.Rg4h4 Kg7
46.Be8h5 f2
47.Bh5e2 Kf6
48.Rh4h8 Ke5
49.Be2c4 Ng5e4
50.Bc4d3 Kxd5
51.Rh8h5 Kd4
52.Bd3xe4 Kxe4
53.Ke2 Kf4
54.Rh5h3 Kf5
55.Kf1 Ke6
56.Rh3b3 Kd5
57.Ke2 Kc4
58.Rb3b1 a5
59.a4 d5
60.Rb1c1 Kb4
61.Rc1d1 Kxa4
62.Rd1xd5 Kb5
63.Rd5f5 a4
64.Kd3 Kb4
65.Kc2 a3
66.Rf5f4 Kb5
67.Kb3 Kc6
68.Kc3 Kd5
69.Rf4f7 Ke4
70.Kb3 Ke3
71.Rf7f5 Bc5d4
72.Kxa3 Ke2
{ draw }
1/2-1/2

[Event "Match"]
[Site "www.echecsemail.com"]
[Date "2015.01.03"]
[Round "1"]
[White "Irene"]
[Black "Saidgermany"]
[WhiteElo "1950"]
[BlackElo "1809"]
[Result "1-0"]
[Round "1"]
1.d4 d5
2.Ng1f3 Ng8f6
3.Nb1c3 e6
4.Qd1d3 Nb8d7
5.e4 dxe4
6.Nc3xe4 Nf6xe4
7.Qd3xe4 Nd7f6
8.Qe4h4 Bc8d7
9.Nf3e5 Bd7c8
{ time. }
1-0

[Event "Match"]
[Site "www.echecsemail.com"]
[Date "2015.01.03"]
[Round "1"]
[White "Apdash"]
[Black "Nestor"]
[WhiteElo "2160"]
[BlackElo "2050"]
[Result "0-1"]
[Round "1"]
1.d4 d5
2.Ng1f3 Bc8g4
3.e3 Ng8f6
4.Bf1e2 Nb8c6
5.O-O g6
6.c4 Bf8g7
7.Nb1c3 dxc4
8.Be2xc4 O-O
9.h3 Bg4f5
10.Rf1e1 Nf6e4
11.Nf3h4 Qd8d7
12.Nh4xf5 Qd7xf5
13.Qd1e2 a6
14.Bc4d3 Ne4xc3
15.bxc3 Qf5a5
16.Bc1b2 e5
17.Re1b1 exd4
18.exd4 Rf8e8
19.Qe2f3 Re8e7
20.a4 Ra8e8
21.c4 Nc6xd4
22.Qf3xb7 Re7e1
23.Kh2 c6
24.Bb2xd4 Bg7xd4
25.Rb1xe1 Re8xe1
26.Ra1a2 Re1d1
27.Bd3e2 Qa5e5
28.g3 Bd4xf2
{ resign }
0-1

[Event "Match"]
[Site "www.echecsemail.com"]
[Date "2015.01.03"]
[Round "1"]
[White "Generalfree"]
[Black "Darknight"]
[WhiteElo "1770"]
[BlackElo "1800"]
[Result "0-1"]
[Round "1"]
1.d4 d5
2.Bc1f4 h6
3.h3 e6
4.a3 Nb8c6
5.e3 a6
6.b4 g5
7.Bf4h2 Bf8d6
8.g3 Ng8f6
9.f3 e5
10.c3 b5
11.g4 e4
12.Bh2xd6 Qd8xd6
13.Ng1e2 exf3
14.Ne2c1 Qd6g3
15.Kd2 Nf6e4
16.Kc2 Ne4f2
17.Qd1e1 Nf2xh1
18.Nc1d3 f2
19.Qe1e2 h5
20.e4 hxg4
21.exd5 Nc6e7
22.Qe2e4 gxh3
23.Qe4xh1 Bc8b7
24.Nb1d2 Bb7xd5
25.Nd2e4 Qg3h4
26.Ne4f6 Kf8
27.Nf6xd5 Ne7xd5
28.Qh1xd5 Ra8e8
29.Qd5c5 Re8e7
30.Nd3e5 h2
31.Ne5d7 Ke8
32.Nd7f6 Kf8
33.Nf6d7 Kg7
34.Qc5xe7 Qh4f4
35.Bf1g2 Qf4d6
36.Qe7xg5 Qd6g6
37.Qg5xg6 fxg6
38.Nd7c5 Rh8e8
39.Kd3 Re8e1
40.Ra1a2 f1Q
41.Bg2xf1 h1Q
42.Bf1g2 Qh1g1
{ resign }
0-1

[Event "Match"]
[Site "www.echecsemail.com"]
[Date "2015.01.03"]
[Round "1"]
[White "Gmi42"]
[Black "Pariolinius"]
[WhiteElo "1809"]
[BlackElo "1710"]
[Result "0-1"]
[Round "1"]
1.e4 c5
2.Nb1c3 d6
3.g3 Nb8c6
4.Bf1g2 e5
5.d3 Ng8f6
6.f4 Bf8e7
7.Ng1f3 Ra8b8
8.O-O b5
9.a4 b4
10.Nc3d5 Nf6xd5
11.exd5 Nc6d4
12.fxe5 Bc8g4
13.exd6 Be7xd6
14.Qd1e1 Bd6e7
15.Nf3xd4 { time. }
0-1

[Event "Match"]
[Site "www.echecsemail.com"]
[Date "2015.01.03"]
[Round "1"]
[White "Kula1922"]
[Black "Maestro"]
[WhiteElo "1659"]
[BlackElo "1990"]
[Result "0-1"]
[Round "1"]
1.e4 e5
2.d4 exd4
3.Qd1xd4 Nb8c6
4.Qd4d1 Bf8c5
5.Bf1c4 Qd8h4
6.Qd1f3 Nc6e5
7.Qf3c3 Qh4xe4
 { time }
0-1

[Event "Match"]
[Site "www.echecsemail.com"]
[Date "2015.01.03"]
[Round "1"]
[White "Mrmoto"]
[Black "Gorski"]
[WhiteElo "1580"]
[BlackElo "1499"]
[Result "1-0"]
[Round "1"]
1.e4 e5
2.Ng1f3 f6
3.Nf3xe5 Bf8c5
4.Ne5d3 Nb8c6
5.Nd3xc5 d6
6.Nc5b3 f5
7.Nb1c3 Ng8f6
8.d3 g6
9.Bc1g5 Qd8e7
10.Qd1e2 Bc8e6
11.e5 dxe5
12.h3 h6
13.Bg5h4 g5
14.Bh4g3 Qe7d6
15.Bg3h2 O-O
16.O-O-O a5
17.a4 Ra8a6
18.g4 h5
19.gxh5 b6
20.Nc3b5 Qd6d7
21.Bh2xe5  { time }
1-0

[Event "Match"]
[Site "www.echecsemail.com"]
[Date "2015.01.03"]
[Round "1"]
[White "Hundegana"]
[Black "Vernejules"]
[WhiteElo "1940"]
[BlackElo "1809"]
[Result "1-0"]
[Round "1"]
1.d4 d5
2.e3 Bc8f5
3.a3 e6
4.h4 Ng8f6
5.Nb1c3 Bf8e7
6.Bf1d3 Nb8d7
7.Bd3xf5  { time }
1-0

[Event "Match"]
[Site "www.echecsemail.com"]
[Date "2015.01.03"]
[Round "1"]
[White "Spartacus42"]
[Black "Llord"]
[WhiteElo "1809"]
[BlackElo "1660"]
[Result "1-0"]
[Round "1"]
1.e4 e5
2.Ng1f3 Nb8c6
3.Bf1b5 Ng8f6
4.O-O a6
5.Bb5a4 b5
6.Ba4b3 Bf8c5
7.Nf3xe5 Nc6xe5
8.d4 Bc5d6
9.dxe5 Bd6xe5
10.f4 Be5d6
11.Bc1e3 Nf6xe4
12.Qd1d5 Qd8e7
13.Qd5xa8 O-O
14.Be3d4 Bd6c5
15.Qa8d5 c6
16.Bd4xc5 cxd5
17.Bc5xe7 Rf8e8
18.Be7h4 Bc8b7
19.Nb1c3 Ne4d2
20.Rf1e1 Re8f8
21.Bb3xd5 Bb7xd5
22.Nc3xd5 Nd2c4
23.b3 f6
24.bxc4 bxc4
25.Re1e7 { resign }
1-0

[Event "Match"]
[Site "www.echecsemail.com"]
[Date "2015.01.03"]
[Round "1"]
[White "Alanocturna"]
[Black "Saidgermany"]
[WhiteElo "1730"]
[BlackElo "1809"]
[Result "1-0"]
[Round "1"]
1.g3 d5
2.Bf1g2 c6
3.d4 Nb8d7
4.Ng1f3 Ng8f6
5.O-O e6
6.Nb1c3 Bf8d6
7.Rf1e1 O-O
8.e4 Nf6xe4
9.Nc3xe4 dxe4
10.Re1xe4 h6
11.c4 b5
12.c5 Bd6c7
{ time. }
1-0

[Event "Match"]
[Site "www.echecsemail.com"]
[Date "2015.01.03"]
[Round "1"]
[White "Gambitmiau"]
[Black "Maestro"]
[WhiteElo "1750"]
[BlackElo "2000"]
[Result "1-0"]
[Round "1"]
1.e4 e5
2.d4 c5
3.dxe5 Nb8c6
4.Ng1f3 d6
5.Bc1g5 Qd8a5
6.Bg5d2 Nc6xe5
7.Bd2xa5 b6
8.Bf1b5 Bc8d7
9.Bb5xd7 Ne5xd7
10.Ba5c3 Ng8f6
11.O-O Bf8e7
12.Nb1a3 O-O
13.Bc3xf6 Nd7xf6
14.e5 dxe5
15.Nf3xe5 Nf6e4
16.Qd1e2 Ne4f6
17.Ne5c6 Be7d6
18.Ra1d1 Bd6f4
19.Qe2f3 Bf4g5
20.Na3c4 h5
21.Nc6e7 Kh8
22.Qf3f5 Bg5h6
23.Nc4e5 Ra8e8
24.Ne7g6 fxg6
25.Ne5xg6 Kg8
26.Ng6xf8 Re8xf8
27.Qf5e6 Kh8
28.f3 h4
29.Qe6e7 { resign }
1-0

[Event "Match"]
[Site "www.echecsemail.com"]
[Date "2015.01.03"]
[Round "1"]
[White "Gmi42"]
[Black "Wwgia"]
[WhiteElo "1809"]
[BlackElo "2080"]
[Result "0-1"]
[Round "1"]
1.e4 c5
2.Nb1c3 Nb8c6
3.g3 g6
4.Bf1g2 Bf8g7
5.d3 e6
6.f4 Ng8e7
7.Ng1f3 d5
8.O-O O-O
9.Rf1e1 b6
10.exd5 exd5
11.Bc1d2 Bc8b7
12.Nf3e5 Qd8d6
13.Ne5xc6 { time. }
0-1

[Event "Match"]
[Site "www.echecsemail.com"]
[Date "2015.01.03"]
[Round "1"]
[White "Graosty"]
[Black "Nerwoman"]
[WhiteElo "1499"]
[BlackElo "1499"]
[Result "1-0"]
[Round "1"]
1.c4 Ng8f6
2.b3 d6
3.Bc1b2 e5
4.Bb2c3 Bc8f5
5.d3 h6
6.Nb1a3 a6
7.Ng1f3 Nb8d7
8.e3 Nd7c5
9.Ra1b1 Nf6g4
10.Qd1d2 g6
11.Bf1e2 Bf8g7
12.Na3c2 Qd8e7
13.Nc2b4 Qe7d7
14.Nb4d5 Ra8c8
15.Rb1b2 h5
16.Nf3g5 b5
17.a4 Rh8h6
18.Nd5b4  { time }
1-0

[Event "Match"]
[Site "www.echecsemail.com"]
[Date "2015.01.03"]
[Round "1"]
[White "Luzhin"]
[Black "Kula1922"]
[WhiteElo "2270"]
[BlackElo "1659"]
[Result "1-0"]
[Round "1"]
1.e4 e5
2.Ng1f3 Nb8c6
3.Bf1c4 Ng8f6
4.d3 Bf8c5
5.Nb1c3 Nf6g4
6.O-O Nc6d4
7.Nf3xd4 Bc5xd4
8.Qd1xg4  { time }
1-0

[Event "Match"]
[Site "www.echecsemail.com"]
[Date "2015.01.03"]
[Round "1"]
[White "Spartacus42"]
[Black "Calponas"]
[WhiteElo "1809"]
[BlackElo "2040"]
[Result "1-0"]
[Round "1"]
1.e4 c5
2.Nb1c3 Nb8c6
3.g3 e5
4.Bf1g2 d6
5.d3 Bf8e7
6.f4 Ng8f6
7.Ng1f3 Bc8g4
8.O-O Nc6d4
9.Bc1e3 Qd8d7
10.Qd1d2 Ra8c8
11.fxe5 Bg4xf3
12.Bg2xf3 Nd4xf3
13.Rf1xf3 dxe5
14.Rf3f5 Nf6g4
15.Ra1f1 Ng4xe3
16.Qd2xe3 f6
17.Kg2 Qd7d4
18.Qe3c1 a6
19.Qc1d1 Kd7
20.Nc3d5 c4
21.c3 Qd4c5
22.Qd1g4 h5
23.Rf5xh5 Kd6
24.d4 Qc5b5
25.dxe5 fxe5
26.Qg4xg7 Qb5xb2
27.Rf1f2 Qb2b5
28.Qg7xe7 Kc6
29.Rf2f6 { resign }
1-0

[Event "Match"]
[Site "www.echecsemail.com"]
[Date "2015.01.03"]
[Round "1"]
[White "Bigrezi"]
[Black "Generalfree"]
[WhiteElo "1900"]
[BlackElo "1770"]
[Result "0-1"]
[Round "1"]
1.e4 e5
2.Ng1f3 Nb8c6
3.Bf1b5 Ng8e7
4.Nb1c3 a6
5.Bb5e2 f6
6.d4 Nc6xd4
7.Nf3xd4 exd4
8.Qd1xd4 d6
9.Bc1e3 c5
10.Qd4d2 b5
11.a3 Bc8d7
12.Qd2xd6 Ne7f5
13.Qd6f4 g5
14.Qf4f3 Nf5h4
15.Qf3h5 Nh4g6
16.O-O Qd8c7
17.Nc3d5 Qc7c6
18.Ra1d1 O-O-O
19.c4 bxc4
20.Be2xc4 Ng6e5
21.Bc4a2 Bd7g4
22.Qh5xg4 Ne5xg4
23.Be3d2 Qc6d6
24.Bd2a5 Qd6xh2

0-1

[Event "Match"]
[Site "www.echecsemail.com"]
[Date "2015.01.03"]
[Round "1"]
[White "Norbos"]
[Black "Generalfree"]
[WhiteElo "1660"]
[BlackElo "1690"]
[Result "1-0"]
[Round "1"]
1.d4 e6
2.e4 d5
3.e5 g6
4.Ng1f3 Bf8g7
5.Nb1c3 a6
6.b3 b5
7.Bc1a3 Nb8c6
8.Ba3c5 Bc8b7
9.Qd1d2 Ng8e7
10.Bf1d3 f5
11.O-O-O Ne7g8
12.Nf3g5 Bg7h6
13.h4 Bh6xg5
14.hxg5 b4
15.Nc3e2 a5
16.a4 bxa3
17.Bc5xa3 Bb7a6
18.Ne2f4 Qd8d7
19.Qd2e2 Nc6xd4
20.Qe2e3 Nd4b5
21.Bd3xb5 Ba6xb5
22.c4 Qd7c6
23.Kb2 dxc4
24.Rd1c1 Ra8b8
25.Qe3a7 Qc6b6
26.Ba3c5 Qb6xa7
27.Bc5xa7 Rb8b7
28.Ba7c5 cxb3
29.Nf4xe6 Kd7
30.Ne6f8 Ke8
31.Rh1d1 Ng8e7
32.Nf8e6 Kf7
33.Bc5xe7 Kxe6
34.Be7f6 Rh8e8
35.f4 c5
36.Rc1xc5 a4
37.Rd1d6 Kf7
38.Rc5c1 Bb5d7
39.Rc1d1 Bd7c8
40.Rd1d4 a3
41.Kb1 a2
42.Kb2 Rb7a7
43.Rd4d1 Ra7b7
44.Rd6d3 Bc8e6
45.Rd1g1 Rb7b4
46.g3 Re8a8
47.Rg1a1 Be6c4
48.Rd3d7 Ke8
49.Rd7d6 Bc4b5
50.e6 Rb4e4
51.Kxb3 Bb5c4
52.Kc3 Ra8a3
53.Kb4 Ra3b3
54.Kc5 Bc4xe6
55.Ra1c1 Rb3b8
56.Rd6c6 Rb8b1
57.Kd6 Re4a4
58.Kxe6 a1Q
59.Bf6xa1 Ra4xa1
60.Rc6c8 { resign }
1-0

[Event "Match"]
[Site "www.echecsemail.com"]
[Date "2015.01.03"]
[Round "1"]
[White "Stevo100"]
[Black "Wwgia"]
[WhiteElo "2010"]
[BlackElo "2120"]
[Result "0-1"]
[Round "1"]
1.d4 Ng8f6
2.c4 g6
3.Nb1c3 d5
4.cxd5 Nf6xd5
5.e4 Nd5xc3
6.bxc3 Bf8g7
7.Bf1c4 O-O
8.Bc1e3 c5
9.Ra1b1 Nb8c6
10.Ng1e2 Qd8c7
11.Qd1d2 Rf8d8
12.O-O cxd4
13.cxd4 Nc6xd4
14.Bc4xf7 Kxf7
15.Be3xd4 e5
16.f4 exd4
17.e5 Bg7f8
18.Qd2b2 Kg8
19.Ne2xd4 Rd8xd4
20.Rf1c1 Bf8c5
21.Kh1 Rd4xf4
22.Qb2b3 Kh8
23.Qb3d5 Bc8f5
24.Rb1xb7 Qc7xb7
25.Qd5xb7 Bf5e4
26.Qb7d7 Ra8f8
27.h3 Bc5b6
28.e6 Bb6e3
29.e7 Rf4f1
30.Rc1xf1 Rf8xf1
31.Kh2 Be3f4
{ resign }
0-1

[Event "Match"]
[Site "www.echecsemail.com"]
[Date "2015.01.03"]
[Round "1"]
[White "Spartacus42"]
[Black "Supernovae"]
[WhiteElo "1809"]
[BlackElo "1769"]
[Result "0-1"]
[Round "1"]
1.e4 e5
2.Ng1f3 Nb8c6
3.Bf1b5 a6
4.Bb5a4 Ng8f6
5.O-O Bf8e7
6.Rf1e1 b5
7.Ba4b3 O-O
8.c3 d5
9.exd5 Nf6xd5
10.d4 exd4
11.Nf3xd4 Nc6xd4
12.Qd1xd4 Bc8b7
13.Qd4g4 Nd5f6
14.Qg4e2 { time. }
0-1

[Event "Match"]
[Site "www.echecsemail.com"]
[Date "2015.01.03"]
[Round "1"]
[White "Longdiagonal"]
[Black "Wwgia"]
[WhiteElo "1809"]
[BlackElo "2120"]
[Result "0-1"]
[Round "1"]
1.c4 e5
2.Nb1c3 Ng8f6
3.Ng1f3 Nb8c6
4.g3 d5
5.cxd5 Nf6xd5
6.d3 Bf8e7
7.Bf1g2 Bc8e6
8.O-O f6
9.Bc1d2 Qd8d7
10.Ra1c1 O-O-O
11.a3 h5
12.b4 Nd5b6
13.Nc3e4 h4
14.Nf3xh4 g5
15.Nh4g6 Rh8h7
16.Ng6xe7 Qd7xe7
17.Ne4c5 Be6d5
18.e4 Bd5f7
19.Nc5a6 Rd8h8
20.h3 Bf7e6
21.g4 Rh7xh3
22.Na6xc7 Qe7h7
{ resign }
0-1

[Event "Eq:chibcha-THE KILLERS 1 : "]
[Site "www.chess-mail.com"]
[Date "2015.01.03"]
[Round "1"]
[White "Paes19"]
[Black "Gmi42"]
[WhiteElo "2010"]
[BlackElo "2059"]
[Result "1-0"]
[Round "1"]
1.e4 c6
2.Ng1f3 d5
3.e5 Bc8g4
4.h3 Bg4h5
5.Bf1e2 e6
6.d4 Nb8d7
7.Nb1d2 Ng8h6
8.O-O Bf8e7
9.Nf3h2 Bh5xe2
10.Qd1xe2 Nh6f5
11.Nd2f3 h5
12.c4 dxc4
{ time. }
1-0

[Event "Tourn. n7956"]
[Site "www.chess-mail.com"]
[Date "2015.01.04"]
[Round "1"]
[White "Cathar"]
[Black "Stevo100"]
[WhiteElo "2020"]
[BlackElo "2100"]
[Result "1-0"]
[Round "1"]
1.e4 e6
2.d3 d5
3.Qd1e2 Ng8f6
4.Ng1f3 Nb8c6
5.c3 dxe4
6.dxe4 e5
7.Qe2c2 Bf8c5
8.Bf1c4 a6
9.b4 Bc5a7
10.O-O b5
11.Bc4b3 O-O
12.Bc1g5 h6
13.Bg5h4 Bc8b7
14.Nb1d2 Qd8d6
15.Ra1d1 Nf6h5
16.Rf1e1 Nh5f4
17.Nd2f1 Qd6g6
18.Bh4g3 Ra8e8
19.Nf1e3 Nc6e7
20.Nf3xe5 Bb7xe4
21.Ne5xg6 Be4xc2
22.Ng6xe7 Re8xe7
23.Bb3xc2 Nf4h5
24.Ne3d5 Re7xe1
25.Rd1xe1 Nh5xg3
26.hxg3 Rf8d8
27.Bc2b3 c6
28.Nd5e7 Kh8
29.Ne7xc6 Rd8d7
30.Nc6xa7 { resign }
1-0

[Event "Tourn. n7720"]
[Site "www.chess-mail.com"]
[Date "2015.01.04"]
[Round "1"]
[White "Norlavuaram"]
[Black "Johnmcbride"]
[WhiteElo "2050"]
[BlackElo "1830"]
[Result "1-0"]
[Round "1"]
1.Ng1f3 d6
2.g3 e5
3.d3 h6
4.Bf1g2 Ng8f6
5.O-O c6
6.c4 a6
7.Nb1c3 Bf8e7
8.b4 b5
9.a4 bxa4
10.Qd1xa4 Bc8b7
11.Bc1b2 Nb8d7
12.Qa4c2 O-O
13.b5 axb5
14.cxb5 c5
15.Ra1xa8 Bb7xa8
16.Rf1a1 Nf6g4
17.h3 Ng4f6
18.Nf3xe5 Nd7xe5
19.Ra1xa8 Qd8b6
20.Ra8xf8 Be7xf8
21.Nc3a4 Qb6xb5
22.Na4c3 Qb5b4
23.Kh2 c4
24.d4 Ne5g6
25.e4 Qb4b8
26.Nc3e2 Qb8b5
27.d5 Nf6d7
28.Ne2d4 Qb5c5
29.Nd4f5 f6
30.Bb2d4 Qc5b4
31.Bg2f1 Nd7e5
32.Bd4xe5 fxe5
33.Qc2xc4 Qb4xc4
34.Bf1xc4 Ng6e7
35.Nf5xd6 Ne7g6
36.Nd6b5 Bf8c5
37.Kg2 Ng6f8
38.f4 exf4
39.gxf4 Nf8g6
40.Kg3 Bc5e3
41.f5 Ng6e5
42.Bc4e2 Kf7
43.Nb5d6 Ke7
44.Nd6b5 Be3c5
45.Kf4 Bc5d6
46.Nb5xd6 Kxd6
47.h4 Ne5d7
48.Be2b5 Nd7e5
49.h5 Ne5f7
50.Bb5e8 Nf7g5
51.Be8g6 Ng5h3
52.Kg4 Nh3g5
53.Kf4 Ng5h3
54.Ke3 Ke5
55.d6 Kxd6
56.Kd4 Nh3f4
57.e5 Ke7
58.Ke4 Nf4xg6
59.hxg6 Kd7
60.f6 gxf6
61.exf6 Ke8
62.Kf5 h5
63.Kg5 h4
64.Kxh4 Kf8
65.Kg5 Kg8
66.Kf5 Kf8
67.Ke6 Ke8
68.g7 { resign }
1-0